| 000 | 01130nam0a2200349 4500 | ||
|---|---|---|---|
| 001 | RU\NLR\bibl\1471287 | ||
| 005 | 20260406001941.0 | ||
| 010 |
_a978-5-9985-0442-6 _95000 |
||
| 021 |
_aRU _b2009-99537 _96321 |
||
| 035 | _a(nilc)RSL-KNO-004561333 | ||
| 035 | _a(NLR Aleph) 001462984 | ||
| 090 |
_a1595219 _c1595219 |
||
| 100 | _a20091221d2009 |||y0rusy50 ca | ||
| 101 | 0 | _arus | |
| 102 | _aRU | ||
| 105 | _ay zzzz||||| | ||
| 200 | 1 |
_aЭмоБой _eроман _fАнтон Соя |
|
| 210 |
_aСанкт-Петербург _cАзбука-классика _d2009 |
||
| 215 |
_a253, [1] с. _d18 |
||
| 225 | 1 | _aПрочесть обязательно! | |
| 320 | _aДр. работы авт. на 4-й с. обл. | ||
| 686 |
_aШ5(2=Р)75-644.5 _2rubbk |
||
| 686 | _aШ6(2=Р)8-440.4 | ||
| 700 | 1 |
_4070 _8rus _7ca _aСоя _bА. В. _f1967- _gАнтон Владимирович _3RU\NLR\auth\77111506 _994431 |
|
| 801 | 0 |
_aRU _bRuMoRGB _c20091221 _grcr |
|
| 801 | 1 |
_aRU _bRuMoRGB _c20091221 |
|
| 801 | 2 |
_aRU _bNLR _c20100209 _grcr |
|
| 942 | _cBOOK | ||
| 980 | _aNB | ||